| 000 | 00428nam a2200145Ia 4500 | ||
|---|---|---|---|
| 020 | _a9698854002(hb) | ||
| 082 |
_a909.097671 _bHUS _cD |
||
| 100 |
_aHussain, Iqbal S. _9328 |
||
| 245 | _aThe Decline of the Muslim ummah | ||
| 260 |
_aLahore: _bHumanity International, _c2004 |
||
| 300 | _a468p. : ill | ||
| 526 |
_a0 _b0 _c0 _d909_097671000000000_HUS |
||
| 650 |
_aIslamic Countries -- Social Conditions _951001 |
||
| 942 |
_2ddc _cBK |
||
| 999 |
_c553734 _d553734 |
||